LEADER 01778nam a2200301 i 4500 001 000000259131 003 CaOOAMICUS 005 20180705000000.0 008 180705s2018 it u000 u spa u 013 $a238039 020 $a978-88-7839-385-1 040 $aSeMil$bita 100 1 $aMoreno Cubides, Wilson <1981- >.$0(OLS)http://semarc/name/94643 245 10$aÚnico sujeto-Iglesia :$bsu comprensión en el discurso de Benedicto 16. a la curia romana del 22 de diciembre de 2005, desde la obra teológica de Joseph Ratzinger /$cWilson Moreno Cubides. 260 $aRoma :$bPontificia Università Gregoriana,$c2018. 300 $a508 p. ;$c24 cm. 490 0 $aTesi Gregoriana. Serie Teologia ;$v238 650 4$aRatzinger, Joseph - Pensiero teologico.$0(OLS)http://semarc/subject/17184 650 4$aBenedetto XVI - Scritti e discorsi.$0(OLS)http://semarc/subject/2709 650 4$aBenedetto XVI - Ecclesiologia.$0(OLS)http://semarc/subject/46398 650 4$aConcilio Vaticano II <1962-1965> - Influssi [di] Joseph Ratzinger.$0(OLS)http://semarc/subject/42035 830 0$aTesi Gregoriana. Serie Teologia ;$v238.$0(OLS)http://semarc/title/351 850 $aSeMil 852 $aSeMil$W1$xVenegono$y1$m2M VI 338$j209476$B209476$CSeMilBibl$Z2$F223147 $81 961 $aSottoscrizione: Pontificia Università Gregoriana 996 $6020$a978-88-7839-385-1$9(OLS)http://semarc/number/284737 996 $6245$aÚnico sujeto-Iglesia :$bsu comprensión en el discurso de Benedicto 16. a la curia romana del 22 de diciembre de 2005, desde la obra teológica de Joseph Ratzinger$9(OLS)http://semarc/title/413957 996 $6260$aRoma :$bPontificia Università Gregoriana$9(OLS)http://semarc/publisher/29750 LEADER 01085nam a2200229 i 4500 001 000000186230 003 CaOOAMICUS 005 20100223000000.0 008 100223s1965 xxk u000 u eng u 013 $a164276 040 $aSeMil$bita 100 1 $aNorris, Richard A. .$0(OLS)http://semarc/name/68414 245 10$aGod and world in early christian theology :$bA Study in Justin Martyr, Ireaeus Tertullian and Origen /$cBy Richard A. Norris. 260 $aLondon :$bAdam & Charles Black,$ccopyr. 1965. 300 $aX, 147 p. ;$c23 cm. 490 0 $aStudies in Patristic thought 650 4$aPatristica - Studi.$0(OLS)http://semarc/subject/3628 830 0$aStudies in Patristic thought.$0(OLS)http://semarc/title/30807 850 $aSeMil 852 $aSeMil$W1$xVenegono$y1$m2T I 214$j136917$B136917$CSeMilBibl$Z2$F148456 $81 996 $6245$aGod and world in early christian theology :$bA Study in Justin Martyr, Ireaeus Tertullian and Origen$9(OLS)http://semarc/title/267675 996 $6260$aLondon :$bAdam & Charles Black$9(OLS)http://semarc/publisher/34510